Polskie miasta "nad rzeką" - Statystyki

Ogólne statystyki
  • Ten quiz został rozwiązany 2 008 razy
  • Średni wynik to 3 z 9
Statystyki odpowiedzi
Rzeka Miasto % Poprawnych
Noteć Nakło nad Notecią
72%
Odra Kostrzyn nad Odrą
61%
Pilica Nowe Miasto nad Pilicą
53%
San Rudnik nad Sanem
26%
Wisła Dobrzyń nad Wisłą
23%
Wisła Solec nad Wisłą
22%
Prosna Grabów nad Prosną
20%
Wisła Czerwińsk nad Wisłą
19%
Wisła Józefów nad Wisłą
18%
Nie znaleziono quizów pasujących do podanych kryteriów
Rozkład punktacji
Procent ludzi z każdym wynikiem
Percentyl według liczby udzielonych odpowiedzi
Twoja historia wyników
Nie rozwiązałeś tego quizu